000 00745nam a2200181Ia 4500
003 GCL
008 140319s9999 xx 000 0 ara d
040 _aGCL /
_cGCL
082 0 4 _a928.1468
_bب ل
100 1 _aابن بسام : ابوالحسين على بن بسام الشنترينى الاندلسى
245 1 0 _aلطائف الذخيرة وطرائف الجزيرة /
_cابن بسام : ابوالحسين على بن بسام الشنترينى الاندلسى
260 _aالقاهرة :
_bالهيئة المصرية العامة للكتاب ،
_c2001
300 _a369 ص ؛
_c24 سم
650 0 4 _aالادب العربى
650 0 4 _aالشعر الاندلسى
650 0 4 _aالادباء العرب
942 _2ddc
_cBK
999 _c5340
_d5340